<?xml version="1.0" encoding="UTF-8"?>
<collection xmlns="http://www.loc.gov/MARC21/slim">
<record>
  <controlfield tag="001">310964</controlfield>
  <controlfield tag="005">20240928181601.0</controlfield>
  <datafield tag="035" ind1=" " ind2=" ">
    <subfield code="a">G:(GEPRIS)60105786</subfield>
  </datafield>
  <datafield tag="024" ind1="7" ind2=" ">
    <subfield code="a">G:(GEPRIS)60105786</subfield>
    <subfield code="d">60105786</subfield>
  </datafield>
  <datafield tag="040" ind1=" " ind2=" ">
    <subfield code="a">GEPRIS</subfield>
    <subfield code="c">http://gepris.its.kfa-juelich.de</subfield>
  </datafield>
  <datafield tag="150" ind1=" " ind2=" ">
    <subfield code="a">Atomare Abbildung von Katalysatoroberflächen unter Reaktionsbedingungen: Hochdruck-STM am Beispiel der Ethylenoxidsynthese an Ag-Oberflächen</subfield>
    <subfield code="y">2008 - 2013</subfield>
  </datafield>
  <datafield tag="371" ind1=" " ind2=" ">
    <subfield code="a">Professor Dr. Joost Wintterlin</subfield>
  </datafield>
  <datafield tag="450" ind1=" " ind2=" ">
    <subfield code="a">DFG project G:(GEPRIS)60105786</subfield>
    <subfield code="w">d</subfield>
    <subfield code="y">2008 - 2013</subfield>
  </datafield>
  <datafield tag="510" ind1="1" ind2=" ">
    <subfield code="a">Deutsche Forschungsgemeinschaft</subfield>
    <subfield code="0">I:(DE-588b)2007744-0</subfield>
    <subfield code="b">DFG</subfield>
  </datafield>
  <datafield tag="680" ind1=" " ind2=" ">
    <subfield code="a">Mit Hilfe eines speziell für hohe Drücke und Temperaturen entwickelten Rastertunnelmikroskops (STM) sollen Katalysatoroberflächen unter Bedingungen laufender katalytischer Reaktionen untersucht werden. Die aktive Oberfläche soll mit atomarer Auflösung abgebildet werden, so dass reagierende Oberflächenphasen identifiziert und reaktionsinduzierte Strukturänderungen sichtbar werden. Als Modellreaktion dient zunächst die Ethylenoxidation an Silberoberflächen. Die Reaktion ist technisch bedeutsam und läuft unter Bedingungen ab, die für STM-Messungen zugänglich sind. Der Reaktionsmechanismus ist eine der am intensivsten diskutierten Fragen der Oberflächenchemie, was vor allem durch die komplexe Wechselwirkung von Sauerstoff mit Ag-Oberflächen bedingt ist. In eigenen Vorarbeiten wurde gezeigt, dass Oberflächenphasen von Sauerstoff auf einer Ag(111)-Oberfläche bei erhöhten Drücken und Temperaturen mit der neuen Apparatur atomar abgebildet werden können. Im Vorhaben soll anschließend der Einfluss von Promotoren, die bei der technischen Ethylenoxidsynthese zugesetzt werden, auf atomarer Skala untersucht werden. Die gefundenen Arbeitstechniken sollen dann auf weitere Reaktionen, wie die CH4-Totaloxidation auf Pd-Oberflächen, angewandt werden. Das Vorhaben bietet die Chance, die atomare Struktur von Oberflächen direkt mit ihrer katalytischen Aktivität zu verknüpfen, und zwar unter Bedingungen, die technischen Prozessen nahe kommen.</subfield>
  </datafield>
  <datafield tag="909" ind1="C" ind2="O">
    <subfield code="o">oai:juser.fz-juelich.de:977839</subfield>
    <subfield code="p">authority:GRANT</subfield>
    <subfield code="p">authority</subfield>
  </datafield>
  <datafield tag="980" ind1=" " ind2=" ">
    <subfield code="a">G</subfield>
  </datafield>
  <datafield tag="980" ind1=" " ind2=" ">
    <subfield code="a">AUTHORITY</subfield>
  </datafield>
  <datafield tag="909" ind1="C" ind2="O">
    <subfield code="o">oai:juser.fz-juelich.de:977839</subfield>
  </datafield>
</record>
</collection>